Livre du Maître Réglage et Entretien des Matériels Agricoles (Record no. 11512)

MARC details
000 -LEADER
fixed length control field 00762 a2200229 4500
003 - CONTROL NUMBER IDENTIFIER
control field 0
005 - DATE AND TIME OF LATEST TRANSACTION
control field 20170118110622.0
008 - FIXED-LENGTH DATA ELEMENTS--GENERAL INFORMATION
fixed length control field 170118b xxu||||| |||| 00| 0 eng d
040 ## - SOURCE DU CATALOGAGE
Original cataloging agency BUAC
Language of cataloging Fre
Transcribing agency BEPAC
110 ## - VEDETTE PRINCIPALE - NOM DE COLLECTIVITE
Corporate name or jurisdiction name as entry element Centre National D’Études et D'Expérimentation de Machine Agricole
130 ## - VEDETTE PRINCIPALE - TITRE UNIFORME
Language of a work Fr.
245 ## - TITLE STATEMENT
Title Livre du Maître Réglage et Entretien des Matériels Agricoles
Remainder of title : tracteurs et machines agricoles
Statement of responsibility, etc / par Centre National D’Études et D'Expérimentation de Machine Agricole
260 ## - PUBLICATION, DISTRIBUTION, ETC. (IMPRINT)
Place of publication, distribution, etc Paris :
260 ## - PUBLICATION, DISTRIBUTION, ETC. (IMPRINT)
Name of publisher, distributor, etc CNEEMA,
Date of publication, distribution, etc 1965
300 ## - PHYSICAL DESCRIPTION
Extent 225 p.
Other physical details fig. ;
Dimensions 29 cm
440 ## - SERIES STATEMENT/ADDED ENTRY--TITLE
Volume number/sequential designation tome 4
650 ## - SUBJECT ADDED ENTRY--TOPICAL TERM
Topical term or geographic name as entry element Machine agricole
700 ## - ADDED ENTRY--PERSONAL NAME
Personal name France, Ministère de l'agriculture
942 ## - ADDED ENTRY ELEMENTS (KOHA)
Koha item type Livre
Holdings
Withdrawn status Lost status Damaged status Not for loan Location (home branch) Sublocation or collection (holding branch) Date acquired Source of acquisition Coded location qualifier Koha issues (times borrowed) Koha full call number Piece designation (barcode) Koha date last seen Copy number Koha item type
        Bibliothèque Ecole Polytechnique d'Abomey-Calavi Bibliothèque Ecole Polytechnique d'Abomey-Calavi 27/02/2009 Don 00113   631.3/F815t 00113EPAC 27/02/2009 1 Livre


© 2008, Bibliothèques de l'Université d'Abomey-Calavi

04 BP 789 Cotonou, Tél. : +229 21 36 01 01, Fax : +229 21 35 06 32

Courriel : bu@bu.uac.bj